| 000 | 00868nam a2200265 a 4500 | ||
|---|---|---|---|
| 001 | 34699 | ||
| 003 | BD-RjUL | ||
| 005 | 20211209052210.0 | ||
| 008 | 190207r19401933us 000 0 eng | ||
| 035 | _a(BD-RjUL)34793 | ||
| 040 |
_aDLC _cOTU _dDLC _dBD-RjUL _beng |
||
| 041 | _aeng | ||
| 042 | _apremarc | ||
| 082 |
_223 _a338.973 _bTIA 1940 |
||
| 100 | 1 |
_aTippetts, Charles Sanford, _d1893- _9227843 |
|
| 245 | 1 | 0 |
_aAutarchy: _bnational self-sufficiency / _cCharles S. Tippetts |
| 260 |
_aChicago, Ill., _bThe University of Chicago press _cc1933 [Impression 1940] |
||
| 300 |
_aiii, 26, [1] p. _c20 cm. |
||
| 490 | 0 |
_aPublic policy pamphlet ; _vno. 5 |
|
| 651 | 0 |
_aUnited States _xEconomic policy. _9227844 |
|
| 651 | 0 |
_aUnited States _xCommercial policy. _9227845 |
|
| 830 |
_aPublic policy pamphlet ; _vno. 5 _9227846 |
||
| 942 |
_2ddc _cRAR |
||
| 999 |
_c34699 _d34699 |
||